Footballeurs en W - Statistiques

Statistiques générales
  • Ce quiz a été pris 107 fois
  • Le résultat moyen est 11 sur 20
Statistiques - réponses
Par images Réponse % Correct
Walker
96%
Witsel
91%
Werner
89%
Wirtz
88%
Weah
87%
Wijnaldum
87%
Williams
87%
Wiltord
69%
Wahi
65%
Walcott
62%
Wan-Bissaka
52%
Welbeck
46%
Wass
44%
Weghorst
42%
Wilshere
35%
Wilmots
33%
Wendel
21%
Warmuz
13%
Wallemme
11%
Wimbée
11%
Aucun quiz correspondant
Distribution des résultats
% des personnes avec chaque résultat
Percentile par nombre de réponses
Votre historique - résultats
Vous n’avez pas pris ce quiz